[Event "Pfalz op-B 8th"]
[Site "Neustadt an der Weinstrasse"]
[Date "2017.02.25"]
[Round "3"]
[White "Messelink, Gerrit"]
[Black "Michels, Fabio"]
[Result "1-0"]
[WhiteElo "1877"]
[BlackElo "1798"]
[PlyCount "71"]
[EventDate "2017.02.24"]
[EventType "swiss"]
[EventRounds "7"]
[EventCountry "GER"]
[SourceTitle "CBM 177 Extra"]
[Source "ChessBase"]
[SourceDate "2017.04.27"]
[SourceVersion "1"]
[SourceVersionDate "2017.04.27"]
[SourceQuality "1"]

1. Nf3 c5 2. e4 Nc6 3. c3 e6 4. d4 cxd4 5. cxd4 Nge7 6. Nc3 d5 7. Bb5 g6 8. 0-0 Bg7 9. Bg5 0-0 10. e5 Bd7 11. Qd2 Qe8 12. Bf6 Nf5 13. Bd3 Ncxd4 14. Nxd4 Nxd4 15. Bxg6 fxg6 16. Qxd4 Bxf6 17. exf6 Qf7 18. Rad1 Qxf6 19. Qxf6 Rxf6 20. Ne4 Rf4 21. Nc5 Rf7 22. Rfe1 Re8 23. Nxb7 Ba4 24. Rd4 Rb8 25. Rxa4 Rbxb7 26. b3 Rfe7 27. f4 Kf7 28. Kf2 Kf6 29. h4 e5 30. Ra6+ Kf5 31. fxe5 Rxe5 32. g4+ Kf4 33. Rf6+ Rf5 34. gxf5 gxf5 35. Ra6 d4 36. Rd6 1-0

[Event "Cologne Longerich op-B 13th"]
[Site "Cologne"]
[Date "2016.08.12"]
[Round "1"]
[White "Gburek, Juergen"]
[Black "Michels, Fabio"]
[Result "1-0"]
[WhiteElo "1747"]
[BlackElo "1610"]
[PlyCount "61"]
[EventDate "2016.08.12"]
[EventType "swiss"]
[EventRounds "5"]
[EventCountry "GER"]
[SourceTitle "EXT 2022"]
[Source "ChessBase"]
[SourceDate "2021.10.06"]
[SourceVersion "1"]
[SourceVersionDate "2021.10.06"]
[SourceQuality "1"]

1. e4 c5 2. c3 d6 3. d4 cxd4 4. cxd4 g6 5. Nf3 Bg7 6. Nc3 Nf6 7. Be2 0-0 8. 0-0 b6 9. Be3 Bb7 10. d5 e6 11. dxe6 fxe6 12. Ng5 Qe7 13. Bc4 d5 14. exd5 exd5 15. Nxd5 Nxd5 16. Bxd5+ Kh8 17. Ne6 Rf5 18. Bxb7 Qxb7 19. Qd8+ Bf8 20. Nc7 Nc6 21. Qxa8 Qxc7 22. Rac1 Qb8 23. Qxc6 Bd6 24. Qc8+ Qxc8 25. Rxc8+ Kg7 26. Bd4+ Kf7 27. Re1 Rd5 28. Bc3 Rf5 29. g3 Bc5 30. Re2 Bd6 31. Rd8 1-0

[Event "SVR-op"]
[Site "Trier"]
[Date "2016.03.19"]
[Round "2"]
[White "Harneit Sequeira, Christian"]
[Black "Michels, Fabio"]
[Result "1-0"]
[WhiteElo "1708"]
[BlackElo "1209"]
[PlyCount "85"]
[EventDate "2016.03.19"]
[EventType "swiss"]
[EventRounds "7"]
[EventCountry "GER"]
[SourceTitle "CBM 171 Extra"]
[Source "ChessBase"]
[SourceDate "2016.04.26"]
[SourceVersion "1"]
[SourceVersionDate "2016.04.26"]
[SourceQuality "1"]

1. c4 c5 2. Nc3 Nc6 3. g3 g6 4. Bg2 Bg7 5. Nf3 Nf6 6. d3 d5 7. 0-0 0-0 8. Bf4 Bg4 9. h3 Bd7 10. cxd5 Nb4 11. Qb3 Bc8 12. Nd2 e6 13. dxe6 Bxe6 14. Nc4 b5 15. Nxb5 Nfd5 16. Bd6 a6 17. Bxf8 Qxf8 18. Nba3 Rb8 19. Qd1 Qc8 20. Kh2 Nc6 21. Qd2 Ne5 22. Nxe5 Bxe5 23. Nc4 Bc7 24. b3 Rb7 25. Rac1 Qb8 26. Ne3 Nxe3 27. Qxe3 Rb4 28. Qxc5 Bd6 29. Qe3 Rh4 30. Rc6 Qd8 31. f4 Rh5 32. Rfc1 Bxh3 33. Bxh3 Qd7 34. g4 Qxg4 35. Rxd6 Rxh3+ 36. Qxh3 Qxf4+ 37. Qg3 Qh6+ 38. Kg2 Qxc1 39. Qe5 Qc8 40. Qd4 Qb7+ 41. e4 h5 42. Rd8+ Kh7 43. Rh8# 1-0